00607nam a2200181 a 450000100100000000500170001000800410002702000180006804000250008608200150011110000360012624500480016226000390021030000200024959000260026995201130029599900170040800003389120200930070613.0110914s2006 ht r 000 0 spa d a9789993534174 aDO-SdBNPbspacBNPHU axxxxbxxxx1 aThoby Marcelin, Philippe95932710aÁ fonds perdu /cPhilippe Thoby Marcelin. aSanto Domingo :bMémoire,c2006. a44 p. ;c23 cm. aInventariado, 2019/BT 001050718MOaGRbGRcHDd2011-09-14iLF1l0oxxxx xxxxp33891-10r2020-06-25w2020-06-25y1ZNo se presta c33382d33382